| 000 | 00477cam a2200193ua 4500 | ||
|---|---|---|---|
| 001 | 11640 | ||
| 008 | 191014n ii |||gr||||Z||||||eng | ||
| 020 | _a9788131608548 | ||
| 040 | _cMAIN | ||
| 041 | _aeng | ||
| 082 | _a303 | ||
| 100 |
_aRichard Pais, _eEditor. |
||
| 245 |
_aSocial inclusion and development _cEdited by Richard Pais |
||
| 260 |
_aJaipur: _bRawat, _c2018. |
||
| 300 | _a324p. | ||
| 653 | _aSocial processes | ||
| 700 |
_aMH Makwana, _eEditor. |
||
| 942 | _cBK | ||
| 999 |
_c10452 _d10452 |
||